000 00606cam a22002291 4500
001 sa 65003779
003 DLC
005 20260227112125.0
008 891026s1964 ii a 000 0 maro
010 _asa 65003779
035 _a(OCoLC)20553488
040 _aDLC
_cWaU
_dDLC
043 _aa-ii---
050 0 0 _aGR305.5.K5
_bP3
100 1 _aPāṭīla, Yaśavanta Bhivasana.
245 1 0 _aKhānadeśī lokakathā.
260 _c[1964]
300 _a7, 76 p.
_billus.
_c21 cm.
500 _aIn Marathi.
650 0 _aTales
_zIndia
_zKhandesh.
650 0 _aFolk literature, Marathi
_zIndia
_zKhandesh.
999 _c63356
_d63356